গৌড় ও পাণ্ডুয়ার স্মৃতি=[Memories of Gaur and Panduya] / (Record no. 72188)
[ view plain ]
| 000 -LEADER | |
|---|---|
| fixed length control field | 01483nam a2200277 a 4500 |
| 001 - CONTROL NUMBER | |
| control field | 72188 |
| 003 - CONTROL NUMBER IDENTIFIER | |
| rucl marc code | BD-RjUL |
| 005 - DATE AND TIME OF LATEST TRANSACTION | |
| control field | 20211209082224.0 |
| 008 - FIXED-LENGTH DATA ELEMENTS--GENERAL INFORMATION | |
| fixed length control field | 170514s1985 bg a|||| |||| 000 0 ben d |
| 020 ## - INTERNATIONAL STANDARD BOOK NUMBER | |
| Terms of availability | : Tk. 70.00 |
| 035 ## - SYSTEM CONTROL NUMBER | |
| System control number | (BD-RjUL)72404 |
| 040 ## - CATALOGING SOURCE | |
| Original cataloging agency | BD-RjUL |
| Language of cataloging | ben |
| Transcribing agency | BD-RjUL |
| Modifying agency | BD-RjUL |
| 041 ## - LANGUAGE CODE | |
| Language code of text/sound track or separate title | ben |
| 082 ## - DEWEY DECIMAL CLASSIFICATION NUMBER | |
| Edition number | 23 |
| Classification number | 954.92 |
| Author mark and year | KHG 1985 |
| 100 ## - MAIN ENTRY--PERSONAL NAME | |
| Personal name | খান, খান-সাহেব আবিদ আলী |
| 9 (RLIN) | 219080 |
| 245 10 - TITLE STATEMENT | |
| Title | গৌড় ও পাণ্ডুয়ার স্মৃতি=[Memories of Gaur and Panduya] / |
| Statement of responsibility, etc. | খান-সাহেব আবিদ আলী খান প্রণীত ; এইচ. ই. স্টেপলটন কর্তৃক সংশোধিত ও সম্পাদিত ; অনুবাদ ও সম্পাদনা: চৌধুরী শামসুর রহমান |
| 260 ## - PUBLICATION, DISTRIBUTION, ETC. (IMPRINT) | |
| Place of publication, distribution, etc. | ঢাকা : |
| Name of publisher, distributor, etc. | বাংলা একাডেমী, |
| Date of publication, distribution, etc. | ১৯৮৩ [১৩৯১বাং] |
| 300 ## - PHYSICAL DESCRIPTION | |
| Pagination | ১৯৯ পৃ. : |
| Illustrations | চিত্র. ; |
| Size | ২৫ সেমি. |
| 490 ## - SERIES STATEMENT | |
| Series statement | বাএ ; |
| Volume/sequential designation | ১৫৪৬ |
| 651 ## - SUBJECT ADDED ENTRY--GEOGRAPHIC NAME | |
| Geographic name | বাংলাদেশ |
| General subdivision | ইতিহাস |
| 9 (RLIN) | 213479 |
| Geographic name | Bangladesh |
| General subdivision | History |
| 9 (RLIN) | 213480 |
| 700 ## - ADDED ENTRY--PERSONAL NAME | |
| Personal name | স্টেপলটন, এইচ. ই. , সংশো. ও সম্পা. |
| Personal name | রহমান, চৌধুরী শামসুর, অনুবাদক ও সম্পাদক |
| 830 ## - SERIES ADDED ENTRY--UNIFORM TITLE | |
| Uniform title | বাএ ; |
| Volume number/sequential designation | ১৫৪৬ |
| 942 ## - ADDED ENTRY ELEMENTS (KOHA) | |
| Source of classification or shelving scheme | Dewey Decimal Classification |
| Koha item type | Books |
| Lost status | Source of classification or shelving scheme | Damaged status | Not for loan | Collection code | Permanent Location | Current Location | Shelving location | Date acquired | Source of acquisition | Cost, normal purchase price | Total Checkouts | Full call number | Date last seen | Copy number | Koha item type |
|---|---|---|---|---|---|---|---|---|---|---|---|---|---|---|---|
| Dewey Decimal Classification | Not For Loan | Non-fiction | Central Library, University of Rajshahi | Central Library, University of Rajshahi | Reading Room | 27/06/1990 | Bangla Academi, Dhaka | 70.00 | B 954.92 KHG 1985 | 14/05/2017 | C-1 | Books |